| 000 | 01670cam a22003974i 4500 | ||
|---|---|---|---|
| 003 | PE-LiUPU | ||
| 005 | 20250731173207.0 | ||
| 008 | 150625s r 000 0 d | ||
| 035 | _a(Sirsi) a31499 | ||
| 040 |
_aPE-LiUPU _bspa _cPE-LiUPU _erda |
||
| 082 | 0 | 4 |
_a220.6225 _bS121972 _221 |
| 100 | 1 |
_aSabugal, S., _eautor. |
|
| 245 | 1 | 0 |
_aXpietoe : _bInvestigación Exegética Sobre la Cristología Joannea. |
| 264 | 1 |
_aBarcelona : _bEditorial Herder, _c1972. |
|
| 300 |
_a565 páginas ; _c21.5 cm. |
||
| 336 |
_atext _2rdacontent |
||
| 337 |
_aunmediated _2rdamedia |
||
| 338 |
_avolume _2rdacarrier |
||
| 505 | 0 | _aEl titulo Mesias en la literatura vetestomentaria. -El titulo Mesias en los sinopticos y actos. -El titulo Mesias en la literatura judaica. -El titulo Mesias en la literatura Paulina, Hebreos y epistolas catolicas. -El primer testimonio y confesion mesianica. -El titulo Mesias en el contexto del relato sobre la actividad de Jesus en Samaria. -El titulo Mesias en el contexto de la gran y definitiva. | |
| 526 | _aSEG42 | ||
| 526 | _aSEG41 | ||
| 526 | _aSEG40 | ||
| 526 | _aSEG39 | ||
| 526 | _aP94 | ||
| 526 | _aP87 | ||
| 526 | _aP86 | ||
| 526 | _aP85 | ||
| 526 | _aP77 | ||
| 526 | _aP76 | ||
| 526 | _aP35 | ||
| 942 |
_2ddc _cBOOK |
||
| 949 |
_a220.6225 S12 1972 _wDEWEY _c1 _i37083 _lCCODEBUL1 _mBUL _p00.00 _r0 _sY _tBOOK _u2015-06-25 _xBIBLIOTECA _zUNKNOWN _0COMPRA _o.STAFF. Colección General |
||
| 596 | _a1 | ||
| 999 |
_a220.6225 S12 1972 _wDEWEY _c39059 _i37083 _f2021-11-11 _g5 _lCCODEBUL1 _mBUL _r0 _sY _tBOOK _u2015-6-25 _xTEOLOGIA _zUNKNOWN _0COMPRA _o.STAFF. Colección General _d39059 |
||
| 980 |
_81 _gALBERTO SANCHEZ Responsable de Automatización |
||